Stanovy Spolku kníhkupcov a papiernických obchodníkov na Slovensku

Bibliographic Details
Format: Book
Language:Slovak
Hungarian
PhysicalDescription:16 s. 8°
Published: Bratislava Spolok kníhkupcov a papiernických obchodníkov 1925
Subjects:

MARC

LEADER 00000nam a2200000 a 4500
001 vtls008398800
003 SK-MaSNL
005 20260301075601.0
008 251124s1925 xo slo
015 |a SKSNBA19191938-011881 
035 |a SK01SNKBSKHR20010091017 
035 |a SKM000093480 
040 |a SNK  |b slo  |c SNK  |e AACR2 
041 1 |a slo  |a hun 
044 |a xo 
080 |a 06  |2 1981 
080 |a 655.421  |2 1981 
245 1 0 |a Stanovy Spolku kníhkupcov a papiernických obchodníkov na Slovensku 
260 |a Bratislava  |b Spolok kníhkupcov a papiernických obchodníkov  |c 1925  |e Bratislava  |f Papyrus 
300 |a 16 s.  |c 8° 
500 |a Text a tit. paral. v reči maď. 
650 0 7 |a spolky  |x kníhkupci  |x stanovy  |2 SNK  |9 399905 
655 7 |a knihy  |2 SNKPH  |9 307098 
655 7 |a stanovy  |2 SNKPH  |9 70547 
852 |a Slovenská národná knižnica v Martine  |b 10000  |h MS SD 14046 
958 |a OND 
958 |a RK 
958 |a TL 
999 |c 650697  |d 652627 
952 |a SNK  |b SNK  |y PREZ  |7 0  |p 17A0512899  |o snkSD 14046  |i snk8769/57  |0 0  |1 0  |4 0  |d 2006-06-09  |l 0  |r 2025-11-27 00:00:00  |w 2026-02-23